El proceso de desarrollo

Salvato in:
Dettagli Bibliografici
Autore principale: Lewis, W. Arthur (Autore)
Ente Autore: Centro de Información Económica y Social de las Naciones Unidas (Autore)
Natura: Libro
Lingua:spagnolo
Pubblicazione: Nueva York Naciones Unidas 1970
Soggetti:
Tags: Aggiungi Tag
Nessun Tag, puoi essere il primo ad aggiungerne!!

MARC

LEADER 00000nam a2200000 a 4500
001 UCQ0918
003 CL-VaPUC
008 980703e19700000US |||||||||||||||||spa|d
082 0 4 |a 338.9  |b LEW  |2 21 
100 |a Lewis, W. Arthur  |e author  |9 489146 
110 2 |a Centro de Información Económica y Social de las Naciones Unidas  |e author  |9 414363 
245 1 3 |a El proceso de desarrollo 
300 |a 49 p 
942 |c BK 
945 |d 19980703 00:00:00  |a crobeson 
260 |a Nueva York  |b Naciones Unidas  |c 1970 
650 0 |a Desarrollo económico y social   |9 256320 
650 0 |a Crecimiento económico   |9 314037 
650 0 |a Condiciones económicas  |9 258255 
583 |a last modification  |c 19980703 00:00:00  |k Rodrigo Vera 
999 |c 271945  |d 271943 
952 |0 0  |1 0  |4 0  |6 338_900000000000000_LEW_1970  |7 0  |8 A  |9 306749  |a BIBENE  |b BIBENE  |d 2019-11-20  |i 1429698  |o 338.9 LEW 1970  |p 1429698  |r 2025-01-15  |w 2019-11-20  |y BK  |k ICO